Kúpeľníctvo - neoddeliteľná súčasť cestovného ruchu
Rozhovor s MUDr. Jankou Zálešákovou o rozvoji kúpeľníctva v nových ekonomických podmienkach na Slovensku. Situácia z celoeurópskeho pohľadu na naše kúpeľníctvo. Úroveň služieb poskytovaných zahraničným klientom. Budúce trendy v kúpeľníctve u nás.
Enregistré dans:
| Auteur principal: | |
|---|---|
| Format: | Chapitre de livre |
| Langue: | slovaque |
| Sujets: | |
| Tags: |
Pas de tags, Soyez le premier à ajouter un tag!
|
MARC
| LEADER | 00000naa a2200000 4500 | ||
|---|---|---|---|
| 001 | r045845 | ||
| 005 | 20230426123713.0 | ||
| 041 | 0 | |a slo | |
| 044 | |a SK | ||
| 245 | 1 | 0 | |a Kúpeľníctvo - neoddeliteľná súčasť cestovného ruchu |c Anna Červenková |
| 520 | |a Rozhovor s MUDr. Jankou Zálešákovou o rozvoji kúpeľníctva v nových ekonomických podmienkach na Slovensku. Situácia z celoeurópskeho pohľadu na naše kúpeľníctvo. Úroveň služieb poskytovaných zahraničným klientom. Budúce trendy v kúpeľníctve u nás. | ||
| 610 | 2 | 0 | |a kúpeľníctvo |
| 610 | 2 | 0 | |a ruch cestovný kúpeľný |
| 610 | 2 | 0 | |a klienti |
| 610 | 2 | 0 | |a Slovensko |
| 100 | 1 | |a Červenková, Anna | |